Estatísticas para Madagáscar

Clique aqui para jogar o quiz

Estatísticas Gerais

  • Esse quiz foi jogado 5 vezes
  • A pontuação média é 8 de 11

Estatísticas das Respostas

HintResposta% Correto
Onde fica?África
100%
Qual é a sua capital?Antananarivo
100%
Qual é a sua religião?Cristianismo
100%
De que país é independente?França
100%
Qual é o seu idioma?Francês
100%
Qual é o seu tipo de clima?Tropical
100%
Qual é a sua principal atividade económica?Agricultura
75%
Qual é o seu código ISO?MDG
75%
Qual é o seu animal nacional?Lémure
25%
Qual é a sua moeda?Ariary
0%
Qual é a festa religiosa em que as famílias tiram os mortos da sepultura e cantam e dançam á sua volta?Famadihana de Tana
0%

Distribuição das Pontuações

Percentil de Números Respondidos

Porcentagem de Pessoas com Cada Pontuação

Sua Pontuação Histórica

Você não jogou esse quiz